| 000 | 00725aam a2200277 i 4500 | ||
|---|---|---|---|
| 001 | 768714001 | ||
| 003 | CO-MdFUSB | ||
| 005 | 20250430130053.0 | ||
| 007 | ta | ||
| 008 | 250430t1966 sp |||| |||| 00| 0 spa d | ||
| 040 | _cCO-MdFUSB | ||
| 041 | 0 | _aspa | |
| 082 | 0 | 4 |
_223 _a239.1 _bG774f |
| 100 | 1 |
_aGrau, José _eautor |
|
| 245 | 1 | 3 |
_aEl fundamento apostólico _c/ José Grau |
| 264 | 1 |
_bEdiciones Evangélicas Europeas, _aBarcelona, España : _c[1966] |
|
| 264 | 4 | _c©1966 | |
| 300 | _a159 páginas | ||
| 336 |
_atexto _btxt _2rdacontent |
||
| 337 |
_2rdamedia _asin mediación _bn |
||
| 338 |
_2rdacarrier _avolumen _bnc |
||
| 563 | _aRústico | ||
| 650 | 7 |
_aApologética _9187 |
|
| 942 | _cBK | ||
| 945 | _aJTF-925 | ||
| 999 |
_c35304 _d35304 |
||